Leituras do ciclo /
Αποθηκεύτηκε σε:
| Κύριοι συγγραφείς: | , , |
|---|---|
| Μορφή: | Άγνωστο |
| Γλώσσα: | Portuguese |
| Έκδοση: |
Ilha de Santa Catarina :
ABRALIC ; Chapecoé, SC : Editora Grifos,
1999.
|
| Θέματα: | |
| Ετικέτες: |
Προσθήκη ετικέτας
Δεν υπάρχουν, Καταχωρήστε ετικέτα πρώτοι!
|
MARC
| LEADER | 000000000a22000000004500 | ||
|---|---|---|---|
| 001 | 013873 | ||
| 020 | |a 858611227 | ||
| 041 | 0 | |a por | |
| 082 | 0 | 4 | |a 372.41 |b A553l |
| 100 | 1 | |a Andrade, Ana Luiza | |
| 100 | 1 | |a de Barros Camargo, María Lucia | |
| 100 | 1 | |a Antelo, Raúl | |
| 245 | 1 | 0 | |a Leituras do ciclo / |c Ana Luiza Andrade, María Lucia de Barros Camargo, Raúl Antelo, |
| 260 | 1 | |a Ilha de Santa Catarina : |b ABRALIC ; Chapecoé, SC : Editora Grifos, |c 1999. | |
| 300 | |a 306 páginas ; |c 23 cm. | ||
| 650 | 4 | |a LITERATURA MODERNA | |
| 650 | 4 | |a SIGLO XX | |
| 650 | 4 | |a HISTORIA Y CRITICA | |
| 650 | 4 | |a CONGRESOS | |
| 500 | |a Colección George Yúdice | ||
| 999 | |c 19785 |d 19785 | ||
| 942 | |c BK |h 372.41 A553l |2 z | ||
